Normal view MARC view

Entry Personal Name

Number of records used in: 1

001 - CONTROL NUMBER

  • control field: 9056

003 - CONTROL NUMBER IDENTIFIER

  • control field: DLC

005 - DATE AND TIME OF LATEST TRANSACTION

  • control field: 20220723120319.0

008 - FIXED-LENGTH DATA ELEMENTS

  • fixed length control field: 010123n| azannaabn |n aaa

010 ## - LIBRARY OF CONGRESS CONTROL NUMBER

  • LC control number: nb2001003364

035 ## - SYSTEM CONTROL NUMBER

  • System control number: (OCoLC)oca05401294

040 ## - CATALOGING SOURCE

  • Original cataloging agency: Uk
  • Language of cataloging: eng
  • Transcribing agency: Uk
  • Modifying agency: DLC
  • Description conventions: rda
  • Modifying agency: DNLM

046 ## - SPECIAL CODED DATES

  • Birth date: 1968-10-26
  • Source of date scheme: edtf

100 1# - HEADING--PERSONAL NAME

  • Personal name: Miles, Jeremy,
  • Dates associated with a name: 1968-

378 ## - FULLER FORM OF PERSONAL NAME

  • Fuller form of personal name: Jeremy Nowell Villette

670 ## - SOURCE DATA FOUND

  • Source citation: Applying regression & correlation, 2001:
  • Information found: t.p. (Jeremy Miles) back cover (Institute of Behavioural Sciences, Univ. of Derby) BL e-mail sent 23 Jan. 2001

670 ## - SOURCE DATA FOUND

  • Source citation: E-mail from author, 23 Jan. 2001
  • Information found: (Jeremy Nowell Villette Miles, born 26 Oct. 1968)

670 ## - SOURCE DATA FOUND

  • Source citation: Understanding and using statistics in psychology, 2007:
  • Information found: t.p. (Jeremy Miles)

670 ## - SOURCE DATA FOUND

  • Source citation: The Air Force Deployment Transition Center, 2016:
  • Information found: t.p. (Jeremy N.V. Miles)

Powered by Koha